| 000 | 01044nam a22002897a 4500 | ||
|---|---|---|---|
| 001 | 4886 | ||
| 003 | FISKH | ||
| 005 | 20241023083712.0 | ||
| 008 | 241023b cb ||||| |||| 00| 0 eng d | ||
| 020 | _a9780590486705 | ||
| 040 |
_aFISKH _beng _cFISKH _dFISKH |
||
| 050 | _aDA565.F67 | ||
| 082 | _a941.08092 | ||
| 100 | _aMyers, Walter Dean | ||
| 245 |
_aAt Her Majesty's Request : _bAn American Princess In Vitorian England / _cby Walter Dean Myers |
||
| 250 | _aFirst Scholastic paperback printing, September 1999 | ||
| 260 |
_aNew York : _bScholastic ; _c1999 . |
||
| 300 |
_a146 pages : _billustrations ; _c20 cm . |
||
| 505 | _aZ | ||
| 520 | _aBiography of the African princess saved from execution and taken to England where Queen Victoria oversaw her upbringing and where she lived for a time before marrying an African missionary. | ||
| 521 | 8 |
_a1070
_bLexile |
|
| 521 | 8 |
_aZ
_bRaz-Plus |
|
| 650 |
_aslavery _vnon-fiction |
||
| 700 |
_aSaylor, David _eBook designer |
||
| 942 |
_2ddc _cBK _n0 |
||
| 999 |
_c4886 _d4886 |
||